书目信息 |
| 题名: |
构成艺术
|
|
| 作者: | 黄英杰 编著 | |
| 分册: | ||
| 出版信息: | 上海 同济大学出版社 2004 |
|
| 页数: | 177页 | |
| 开本: | 29cm | |
| 丛书名: | ||
| 单 册: | ||
| 中图分类: | J06 | |
| 科图分类: | ||
| 主题词: | 造型艺术--构图(美术)--理论 | |
| 电子资源: | ||
| ISBN: | 7-5608-2757-8 | |
| 000 | 00788nam0 2200229 45 | |
| 001 | 002735291 | |
| 005 | 20050607173329.1 | |
| 010 | @a7-5608-2757-8@dCNY58.00 | |
| 100 | @a20040802d2004 em y0chiy0110 ea | |
| 101 | 0 | @achi |
| 102 | @aCN@b310000 | |
| 105 | @aa z 000yy | |
| 200 | 1 | @a构成艺术@Agou cheng yi shu@f黄英杰等编著@FHuang Ying Jie Deng Bian Zhu |
| 210 | @a上海@c同济大学出版社@d2004 | |
| 215 | @a177页@c图@d29cm | |
| 300 | @a设计专业基础教材 | |
| 330 | @a本教材分为视觉形态与它的空间张力、色彩的语言艺术、肌理能为设计增色以及材料的空间构成形式研究四篇,分别讲述了自然形态与形态的抽象、色彩的形成与色彩的体系等内容。 | |
| 606 | 0 | @a造型艺术@x构图(美术)@x理论 |
| 690 | @aJ06@v4 | |
| 701 | 0 | @a黄英杰@4编著 |
| 801 | 0 | @aCN@bNLC@c20041102 |
| 905 | @f3@b356091-093@dJ06@e133 | |
| 构成艺术/黄英杰等编著.-上海:同济大学出版社,2004 |
| 177页:图;29cm |
| 设计专业基础教材 |
| ISBN 7-5608-2757-8:CNY58.00 |
| 本教材分为视觉形态与它的空间张力、色彩的语言艺术、肌理能为设计增色以及材料的空间构成形式研究四篇,分别讲述了自然形态与形态的抽象、色彩的形成与色彩的体系等内容。 |
| ● |
| 相关链接 |
|
|
|
|
正题名:构成艺术
索取号:J06/133
 
预约/预借
| 序号 | 登录号 | 条形码 | 馆藏地/架位号 | 状态 | 备注 |
| 1 | 0356091 | 3560916 | 第一样本阅览室/ [索取号:J06/133] | 在馆 | |
| 2 | 0356092 | 003560925 | 第一借阅区/ [索取号:J06/133] | 在馆 | |
| 3 | 0356093 | 3560934 | 第一借阅区/ [索取号:J06/133] | 在馆 |